000
00266nam a2200109Ia 4500
008
180219s9999 xx 000 0 und d
020
_a
786904305
100
_a
McComb, Colin
245
_a
On hallowed ground /
260
_a
USA :
_b
TSR inc
_c
1995
300
_a
192 pages
999
_c
355998
_d
355998